000 00663nam a2200121Ia 4500
008 220620s9999||||xx |||||||||||||| ||und||
100 _aHuisken, Ron
245 0 _aIntroducing China: The World's Oldest Great Power Charts its Next Comeback
546 _aEnglish[eng]
650 _apolitics and government||21st century||economic conditions||foreign relations||china||Beijing||History of China||Soviet Union||Taiwan||United States
856 _uhttps://library.oapen.org/bitstream/20.500.12657/33711/1/459297.pdf||https://library.oapen.org/bitstream/20.500.12657/33711/1/459297.pdf||https://library.oapen.org/bitstream/20.500.12657/33711/1/459297.pdf
942 _cEB
999 _c30222
_d30222